000
00285nam a2200109Ia 4500
008
200302s9999 xx 000 0 und d
100
_a
Jagjit Singh
245
_a
Estimating & Costing In Civil Engineering
260
_b
Calgotia Publication Pvt. Ltd.
260
_c
1996
300
_a
987 P.,
999
_c
1423
_d
1423